La Sagrada Escritura (Record no. 171321)

MARC details
000 -LEADER
campo de control de longitud fija 01109nam a2200265 i 4500
001 - NÚMERO DE CONTROL
campo de control 171321
003 - IDENTIFICADOR DE NÚMERO DE CONTROL
campo de control ES-MaACL
005 - FECHA Y HORA DE LA ÚLTIMA TRANSACCIÓN
campo de control 20250819003047.0
008 - DATOS DE LONGITUD FIJA--INFORMACIÓN GENERAL
campo de control de longitud fija 090511s1968 sp |||| | spa d
017 ## - NÚMERO DE COPYRIGHT O DE DEPÓSITO LEGAL
Número de copyright o de depósito legal M 13663-1967
130 00 - ENTRADA PRINCIPAL--TÍTULO UNIFORME
Título uniforme Biblia.
Nombre de parte o sección de la obra A. T.
-- Libros históricos.
Lenguaje de la obra Español
9 (RLIN) 119268
245 10 - MENCIÓN DEL TÍTULO
Título La Sagrada Escritura
Resto del título : Antiguo Testamento.
Número de parte o sección de la obra II,
Nombre de parte o sección de la obra Conquista de Canaán y monarquía /
Mención de responsabilidad, etc. texto y comentario por Profesores de la Compañía de Jesús ; colaboran Félix Asensio, Fidel Buck y Francisco X. Rodríguez Molero ; dirige Juan Leal.
260 ## - PUBLICACIÓN, DISTRIBUCIÓN, ETC.
Lugar de publicación, distribución, etc. Madrid :
Nombre del editor, distribuidor, etc. [La Editorial Católica],
Fecha de publicación, distribución, etc. 1968.
300 ## - DESCRIPCIÓN FÍSICA
Extensión XXVI, 1 h., 955 p. ;
Dimensiones 20 cm.
490 1# - MENCIÓN DE SERIE
Mención de serie Biblioteca de autores cristianos ;
Designación de volumen o secuencia 281
500 ## - NOTA GENERAL
Nota general Índices.
505 8# - NOTA DE CONTENIDO CON FORMATO
Nota de contenido con formato Contiene : Josué ; Jueces ; Rut ; Samuel ; Reyes ; Crónicas
700 0# - ENTRADA AGREGADA--NOMBRE PERSONAL
Nombre de persona Leal, Juan.
9 (RLIN) 70969
700 0# - ENTRADA AGREGADA--NOMBRE PERSONAL
Nombre de persona Asensio, Félix.
9 (RLIN) 140071
700 1# - ENTRADA AGREGADA--NOMBRE PERSONAL
Nombre de persona Buck, Fidel.
9 (RLIN) 140074
700 0# - ENTRADA AGREGADA--NOMBRE PERSONAL
Nombre de persona Rodríguez Molero, Francisco X.
9 (RLIN) 98669
830 00 - PUNTO DE ACCESO ADICIONAL DE SERIE-TÍTULO UNIFORME
Título uniforme Biblioteca de autores cristianos
Designación de volumen o secuencia 281
9 (RLIN) 178679
852 ## - LOCALIZACIÓN
Ubicación ES-MaACL
Número de control de estantería J-275
itemnumber R.46092
Holdings
Estatus retirado Estado de pérdida Estado de daño No para préstamo Biblioteca de origen Biblioteca actual Ubicación en estantería Fecha de adquisición Fuente de adquisición Total de préstamos Signatura topográfica completa Código de barras Visto por última vez Precio de reemplazo Tipo de ítem Koha
        Biblioteca del Ateneo de Madrid Biblioteca del Ateneo de Madrid Depósito 2 11/05/2009     J-275 1179789 23/02/2023 23/02/2023 Libro impreso